Personal hygiene? What's that got to do with me? / (Record no. 191)

MARC details
000 -LEADER
fixed length control field 01529cam a22003014a 4500
005 - DATE AND TIME OF LATEST TRANSACTION
control field 20260322212010.0
008 - FIXED-LENGTH DATA ELEMENTS--GENERAL INFORMATION
fixed length control field data
010 ## - LIBRARY OF CONGRESS CONTROL NUMBER
LC control number 2004024966
020 ## - INTERNATIONAL STANDARD BOOK NUMBER
International Standard Book Number 1843107961 (pbk.)
020 ## - INTERNATIONAL STANDARD BOOK NUMBER
International Standard Book Number 9781843107965
040 ## - CATALOGING SOURCE
Original cataloging agency DLC
Transcribing agency DLC
Modifying agency DLC
-- BAKER
-- DLC
042 ## - AUTHENTICATION CODE
Authentication code pcc
050 00 - LIBRARY OF CONGRESS CALL NUMBER
Classification number RJ506.A9
Item number C75 2005
082 00 - DEWEY DECIMAL CLASSIFICATION NUMBER
Classification number 649/.154
Edition information 22
001 - CONTROL NUMBER
control field data
100 1# - MAIN ENTRY--PERSONAL NAME
Personal name Crissey, Pat,
Dates associated with a name 1946-
245 10 - TITLE STATEMENT
Title Personal hygiene? What's that got to do with me? /
Statement of responsibility, etc. Pat Crissey & Noah Crissey.
260 ## - PUBLICATION, DISTRIBUTION, ETC.
Place of publication, distribution, etc. Philadelphia :
-- Philadelphia :
Name of publisher, distributor, etc. Jessica Kingsley,
Date of publication, distribution, etc. 2005.
300 ## - PHYSICAL DESCRIPTION
Extent 94 p. :
Other physical details ill. ;
Dimensions 25 cm.
505 0# - FORMATTED CONTENTS NOTE
Formatted contents note Introduction: what is personal hygiene? -- Looking clean, smelling clean -- Changing bad hair days into good hair days -- Clean teeth, great smiles -- Taming dragon breath -- Having a hand people want to shake -- There's hair everywhere! -- Putting your best foot forward -- Face up to teenage skin -- Good bathroom hygiene.
650 #0 - SUBJECT ADDED ENTRY--TOPICAL TERM
Topical term or geographic name entry element Autistic children
General subdivision Health and hygiene
Form subdivision Juvenile literature.
650 #0 - SUBJECT ADDED ENTRY--TOPICAL TERM
Topical term or geographic name entry element Asperger's syndrome
General subdivision Health and hygiene
-- Health and hygiene
Form subdivision Juvenile literature.
700 1# - ADDED ENTRY--PERSONAL NAME
Personal name Crissey, Noah.
856 41 - ELECTRONIC LOCATION AND ACCESS
Materials specified Table of contents
Uniform Resource Identifier <a href="http://www.loc.gov/catdir/toc/ecip052/2004024966.html">http://www.loc.gov/catdir/toc/ecip052/2004024966.html</a>
906 ## - LOCAL DATA ELEMENT F, LDF (RLIN)
a 7
b cbc
c orignew
d 1
e ecip
f 20
g y-gencatlg
925 0# -
-- acquire
-- 1 shelf copy
-- policy default
955 ## - COPY-LEVEL INFORMATION (RLIN)
-- jc03 2004-10-21 to Dewey
-- jb17 2006-03-16 Z-CipVer
-- jb17 2006-03-16 to BCCD
Holdings
Withdrawn status Lost status Damaged status Not for loan Home library Current library Shelving location Date acquired Total checkouts Full call number Barcode Date last seen Price effective from Koha item type
        Riverside Riverside General stacks 22/03/2026   649/.154 22 BC0010198 22/03/2026 22/03/2026 Books